000 00482nam a2200157 i 4500
001 75613
003 ES-MaACL
005 20230906172525.0
007 t|
008 040927s1913 fr ||||1| fre d
100 1 _aGrasset, Hector.
_959696
245 1 0 _aÉtude historique et critique sur les générations spontanées et l'hétérogénie /
_cpar le Dr. H. Grasset.
260 _aParis :
_bJules Rousset,
_c1913.
300 _aII, 192 p. ;
_c23 cm.
852 _aES-MaACL
_jT-1358-F-7
999 _c75613
_d75613